| 000 | 00521nam a22001937a 4500 | ||
|---|---|---|---|
| 003 | KOHA_MİRAKIL | ||
| 005 | 20251224141505.0 | ||
| 008 | 251224b tu ||||| |||| 00| 0 tur d | ||
| 020 | _a9786254175954 | ||
| 040 |
_aTR-AnABB _btur _cTR-AnABB |
||
| 041 | _atur | ||
| 082 |
_a398.2 _bCAN 2022 |
||
| 100 | 1 | _aTanrısever, Canan, | |
| 245 | 1 | 0 |
_aAnadolu efsaneleri / _cCanan Tanrısever |
| 260 |
_aAnkara : _bNobel Yayınları, _c2022 |
||
| 300 |
_a868 sayfa ; _c25 cm |
||
| 650 | 0 | 4 | _aAnadolu |
| 942 |
_2ddc _cBK |
||
| 999 |
_c9926 _d9926 |
||
| 900 | _bGizem YORULMAZ | ||